Quizzes
Events
Quiz Creation
Community
Videos
Private Events
Remove Ads
Sign In
Join for FREE
Feedback
Dark Mode
Quiz Categories
Sports
Geography
Music
Movies
Television
Just For Fun
Miscellaneous
History
Literature
Language
Science
Gaming
Entertainment
Religion
Holiday
For Kids
Quiz Lab
Recent
Popular Today
Quiz Kudos Today
Editor Picks
Curator Picks
Quizzes by...
Day
Popularity
Type
Ratings
Length
Year
Community
Subscriptions
Recent Discussions
Orange Saloon
Badges
Playlists
Quests
Create
Leaderboards
Showdown
Live 5
Trivia Bingo
Activity
Puzzle Library
Sporcle Events
Private Events
Virtual Trivia
Globe League
Become a Host
Pub Owners
SporcleCon
Opinionation
Our Games
Videos
Blog
Mobile Apps
Partnerships
Remove Ads and Go Orange
Feedback
Gaming
Video Games
Board Games
Card Games
Pokémon
Mario
Nintendo
Minecraft
Console
Toys
Legend of Zelda
Gaming
Video Games
Board Games
Card Games
Pokémon
Mario
Nintendo
Minecraft
Console
Toys
Legend of Zelda
Random Quiz
Search Sporcle
×
Quiz Lab
Quiz Lab
Gaming
call
Type in answers that appear in a list
Type in answers that appear in a list
Classic
Best Score? Go Orange.
Call of Duty (COD) Zombies Youtubers Stats
Name as many Call of Duty Zombies Youtubers as you can (some are well known and some not as much, didn't want anyone to feel left out).
By
ChunkyFunTimes
10m
49 Questions
199 Plays
199 Plays
199 Plays
Comments
Comments
Give Quiz Kudos
Give Quiz Kudos
-
- Ratings
hide this ad
Replay
Link that replays current quiz
Next Quiz
Link to next quiz in quiz playlist
You Got
0%
They Got
Avg Score
26%
Avg Friend Score
Upgrade to see
Score Distribution
Jump to the score distribution portion of the page
Score
0/49
Timer
10:00
0
Plays Today
Answer
% Correct
NoahJ456
85.9%
MrTLexify
85.4%
TheSmithPlays
77.8%
MrRoflWaffles
73.7%
MrDalekJD
68.2%
LonelyMailbox
61.1%
CodeNamePizza
58.6%
Chucky
57.6%
mcsportzhawk
51%
JCbackfire
49%
Glitching Queen
47.5%
TheSyndicateProject
47%
TheRelaxingEnd
35.9%
RADAUSTIN27
35.4%
LiamFTWinter
32.3%
Ch0pper
32.2%
JohnyJ25
31.8%
Azura
31.1%
ToProForuGames
30.8%
KrazyRabb1t
25.3%
GregFPS
24.7%
Avxry
23.7%
YouAlwaysWin
22.4%
llStevell
19.2%
Laggin24x
18.7%
Answer
% Correct
QKnightZ
18.2%
Frenzy
18%
FantasticalGamer
15.8%
Nixaru
14.8%
Turbo
13.7%
Pack A Puncher
13.7%
NGTZombies
13.1%
TheJFKGamer
12%
BlackOpsAmazing
11.4%
Conway22
9.8%
SmartGuy316
9.8%
COD Zombies HQ
8.6%
CrashPower
8.2%
TheGamingRevolution
8.2%
StarrBurrst
7.1%
JIMBOTHY
6.1%
iowagaming
5.6%
eColiEspresso
5.5%
Madgaz Gaming
4.9%
Jr rizzo
3.8%
ParkerTheSlayer
2.2%
Swifterrs
2.2%
ItsRedFusion
0.5%
TheZombieProject
0.5%
Quiz Playlist
Details
Report
Send in Message
Add To Playlist
Classic:
Type in answers that appear in a list
Last Updated: Mar 11, 2018
Quiz Scoreboard
CHALLENGE
Sign Up to Join the Scoreboard
Show All
Scores
Hide
Comments
May contain spoilers
Recently Published
9x9 Crossword: Cartoon Network
by jackfrog10
Miscellaneous
3m
College Basketball Coaching Resumes
by pancakes188
Sports
9m
Billboard Blitz: Fleetwood Mac
by CooCooCachoo
Music
15s
More to Explore
Quiz From the Vault
Featured Blog Post
Where Did the Easter Bunny Come From?
hide this ad
You Might Also Like...
Tags
call
cod
Comby
Today's Top Quizzes in Gaming
Browse Gaming
hide this ad
Today's Top Quizzes in call
Browse call
Top Contributed Quizzes in Gaming
1
5-to-1: Consoles
2
7-to-1: Board Game Piece Blitz
3
5-to-1: Legend of Zelda
4
League of Legends Pro Players by Career/Team History
5
Destiny 2 exotic weapons by perk icons
6
Ultimate Genshin Impact Logic Puzzle (up to 4.3)
7
Franchise by Action Figure
8
Who's on the WWE 2K24 Cover?
9
Genshin Impact Logic Puzzle Quiz
10
Overwatch Logic Puzzle
Explore More
Trending Topics
NBA
Marvel
Crossword
Anime
Kpop
Disney
Harry Potter
WWE
Song
Puzzle
Pokémon
Soccer
The Office
Country
NFL
hide this ad
More By:
ChunkyFunTimes
Quiz
Plays
Rating
Category
Featured
Created
100 Marvel Cinematic Universe (MCU) Characters
4,045
2.50
Movies
May 1, 2018
100 Star Wars Characters
1,698
3.00
Movies
Mar 3, 2018
100 Star Wars Prequel Memes/GOLDEN LINES OF DIALOGUE
1,350
4.57
Movies
Mar 26, 2018
Super Smash Bros. Ultimate Every Stage
636
4.83
Gaming
Aug 16, 2018
All COD Black Ops 3 (BO3) Zombies Weapons +Chronicles
621
Gaming
May 30, 2017
Go to Creator's Profile
Score Distribution
Quiz Creator Spotlight
ChunkyFunTimes
Follow
Send a Message
Quizzes Created
-
Created Quiz Play Count
-
More By This Creator
Popular Quizzes Today
1
Find the US States - No Outlines Minefield
2
Find the Countries of Europe - No Outlines Minefield
3
The Countries of the World
4
Find the US States
5
Risky Map Clicking: Biggest States A-Z
6
US States
7
Popular People in 1961
8
Movies - When Are They Set?
More Gaming Quizzes
Quick-typing Grid (Chess-style Notation)
Quiz Lab
Trending Quizzes
Risky Map Clicking: Least Populous States A-Z
1-10 Letter G Words
1-10 Letter F Words
Risky Map Clicking: Next State Alphabetically
Adjectives in 80s TV Shows
Recently Updated
Leaping Animals
pecheneg
Reality TV Shows (A-Z)
bhenderson79
Rickey Henderson's Hall of Fame Teammates
pecheneg
Champions League XIs: Arsenal
pecheneg
Quick Pick: Celebrities in WWE's Hall of Fame
aduchscher
A-Z Keypad Blitz II
pecheneg
Multiple Oscar Actors
pecheneg
Mystery Phrase Blitz: Oscar 'Best Actors'
pecheneg
F. Scott Fitzgerald Novels
LTH
Pick 3 Villains
ddd62291
Trending Topics
Kpop
Harry Potter
Disney
Anime
Crossword
Marvel
NBA
Song
Puzzle
Country
NFL
The Office
Pokémon
Soccer
WWE
Your Account Isn't Verified!
In order to create a playlist on Sporcle, you need to verify the email address you used during registration. Go to your
Sporcle Settings
to finish the process.
Report this User
Report this user for behavior that violates our
Community Guidelines
.
Details:
Send Report
Go to the Sporcle.com Mobile Site →
Comments